000 00457nam a2200181Ia 4500
008 100917s9999 xx 000 0 und d
082 _b7750
100 _aआपटे हरि नारायण
245 _aकालकूट
260 _b---
_c1964
300 _a124
365 _b1.5
520 _aकादंबरी
630 _aकालकूट
650 _aकादंबरी
730 _aकालकूट
942 _cBOOK
999 _c613144
_d613141